Eastern Utah Libraries Catalog: Duchesne, Heber, Roosevelt, & Vernal

Interrupting Cow meets the Wise Quacker / (Record no. 403387)

MARC details
000 -LEADER
fixed length control field 02256pam a2200577 i 4500
001 - CONTROL NUMBER
control field 2023029914
003 - CONTROL NUMBER IDENTIFIER
control field DLC
005 - DATE AND TIME OF LATEST TRANSACTION
control field 20250107143137.0
008 - FIXED-LENGTH DATA ELEMENTS--GENERAL INFORMATION
fixed length control field 231226s2024 nyua b 000 1 eng
010 ## - LIBRARY OF CONGRESS CONTROL NUMBER
LC control number 2023029914
020 ## - INTERNATIONAL STANDARD BOOK NUMBER
International Standard Book Number 9781665932745
Qualifying information (paperback)
020 ## - INTERNATIONAL STANDARD BOOK NUMBER
International Standard Book Number 9781665932752
Qualifying information (hardcover)
020 ## - INTERNATIONAL STANDARD BOOK NUMBER
Cancelled/invalid ISBN 9781665932769
Qualifying information (ebook)
040 ## - CATALOGING SOURCE
Original cataloging agency DLC
Language of cataloging eng
Description conventions rda
Transcribing agency DLC
Modifying agency TnLvILS
042 ## - AUTHENTICATION CODE
Authentication code pcc
-- cyac
092 ## - LOCALLY ASSIGNED DEWEY CALL NUMBER (OCLC)
Classification number children leveled
Item number Yolen
100 1# - MAIN ENTRY--PERSONAL NAME
Personal name Yolen, Jane,
Relator term author.
245 10 - TITLE STATEMENT
Title Interrupting Cow meets the Wise Quacker /
Statement of responsibility, etc by Jane Yolen ; illustrated by Joëlle Dreidemy.
250 ## - EDITION STATEMENT
Edition statement Simon Spotlight edition.
264 #1 - Production, Publication, Distribution, Manufacture, and Copyright Notice.
Place of production, publication, distribution, manufacture New York :
Name of producer, publisher, distributor, manufacturer Simon Spotlight,
Date of production, publication, distribution, manufacture, or copyr 2024.
300 ## - PHYSICAL DESCRIPTION
Extent 32 pages :
Other physical details color illustrations ;
Dimensions 23 cm.
336 ## - Content Type
Content type term text
336 ## - Content Type
Content type term still image
337 ## - Media type
Media type term unmediated
338 ## - Carrier type
Carrier type term volume
490 1# - SERIES STATEMENT
Series statement Interrupting Cow.
490 1# - SERIES STATEMENT
Series statement Ready-to-read. Level 2.
520 ## - SUMMARY, ETC.
Summary, etc Interrupting Cow meets a duck who knows more jokes than anyone on the farm.
521 ## - TARGET AUDIENCE NOTE
Target audience note Ages 5 to 7.
Source Simon Spotlight.
521 ## - TARGET AUDIENCE NOTE
Target audience note Grades K-1.
Source Simon Spotlight.
650 #0 - SUBJECT ADDED ENTRY--TOPICAL TERM
Topical term or geographic name as entry element Wit and humor
Form subdivision Juvenile fiction.
9 (RLIN) 5698333
650 #0 - SUBJECT ADDED ENTRY--TOPICAL TERM
Topical term or geographic name as entry element Cows
Form subdivision Juvenile fiction.
9 (RLIN) 5674037
650 #0 - SUBJECT ADDED ENTRY--TOPICAL TERM
Topical term or geographic name as entry element Ducks
Form subdivision Juvenile fiction.
9 (RLIN) 5674954
650 #0 - SUBJECT ADDED ENTRY--TOPICAL TERM
Topical term or geographic name as entry element Domestic animals
Form subdivision Juvenile fiction.
9 (RLIN) 5674953
650 #0 - SUBJECT ADDED ENTRY--TOPICAL TERM
Topical term or geographic name as entry element Friendship
Form subdivision Juvenile fiction.
9 (RLIN) 5673647
650 #1 - SUBJECT ADDED ENTRY--TOPICAL TERM
Topical term or geographic name as entry element Jokes
Form subdivision Fiction.
9 (RLIN) 5784862
650 #1 - SUBJECT ADDED ENTRY--TOPICAL TERM
Topical term or geographic name as entry element Cows
Form subdivision Fiction.
9 (RLIN) 5674041
650 #1 - SUBJECT ADDED ENTRY--TOPICAL TERM
Topical term or geographic name as entry element Ducks
Form subdivision Fiction.
9 (RLIN) 5674958
650 #1 - SUBJECT ADDED ENTRY--TOPICAL TERM
Topical term or geographic name as entry element Domestic animals
Form subdivision Fiction.
9 (RLIN) 5674957
650 #1 - SUBJECT ADDED ENTRY--TOPICAL TERM
Topical term or geographic name as entry element Friendship
Form subdivision Fiction.
9 (RLIN) 5673769
650 #1 - SUBJECT ADDED ENTRY--TOPICAL TERM
Topical term or geographic name as entry element Humorous stories.
655 #7 - INDEX TERM--GENRE/FORM
Genre/form data or focus term Animal fiction.
Source of term lcgft.
9 (RLIN) 5748285
655 #7 - INDEX TERM--GENRE/FORM
Genre/form data or focus term Humorous fiction.
Source of term lcgft.
655 #7 - INDEX TERM--GENRE/FORM
Genre/form data or focus term Picture books.
Source of term lcgft.
655 #7 - INDEX TERM--GENRE/FORM
Genre/form data or focus term Readers (Publications)
Source of term lcgft.
9 (RLIN) 5726093
700 1# - ADDED ENTRY--PERSONAL NAME
Personal name Dreidemy, Joëlle,
Relator term illustrator.
9 (RLIN) 5869270
776 08 - ADDITIONAL PHYSICAL FORM ENTRY
Display text Online version:
Main entry heading Yolen, Jane
Title Interrupting cow meets the Wise Quacker.
Edition Simon Spotlight edition
Place, publisher, and date of publication New York : Simon Spotlight, 2024
International Standard Book Number 9781665932769
Record control number (DLC) 2023029915.
800 1# - SERIES ADDED ENTRY--PERSONAL NAME
Personal name Yolen, Jane.
Title of a work Interrupting Cow (Series)
9 (RLIN) 6476242
830 #0 - SERIES ADDED ENTRY--UNIFORM TITLE
Uniform title Ready-to-read.
Number of part/section of a work Level 2.
9 (RLIN) 48912
942 ## - ADDED ENTRY ELEMENTS (KOHA)
Source of classification or shelving scheme Dewey Decimal Classification
Koha item type BOOK
Holdings
Withdrawn status Lost status Source of classification or shelving scheme Damaged status Not for loan Collection code Home library Current library Shelving location Date acquired Source of acquisition Total Checkouts Total Renewals Full call number Barcode Checked out Date last seen Date checked out Cost, replacement price Price effective from Koha item type
    Dewey Decimal Classification     Children Leveled Wasatch County Library Wasatch County Library Main Floor Childrens Area 01/07/2025 Penworthy 4 2 E Yolen 34301002142224 04/01/2026 03/11/2026 03/11/2026 17.96 01/07/2025 BOOK
This project was made possible through a grant from the Institute of Museum and Library Service administered by the Utah State Library Division.

Wasatch County Library

  • 465 East 1200 South, Heber City, Utah 84032
  • Phone 435-654-1511 | Fax 435-654-6456

Hours

  • Monday - Friday 9:30 AM - 8:00 PM
  • Saturday 9:30 AM - 1:30 PM
  • Closed Sundays and Holidays